000 01022nam2a22002411 4500
001 rc\1114211
005 20250622192211.0
035 _a(NLR Aleph) 006378372
090 _a5060756
_c5060756
100 _a20041126d1982 |||y0rusy50 ca
101 0 _arus
102 _aRU
105 _aa |||||||||
200 0 _aТ. 1
210 _d1982
_aБ. м.
215 _a135 с.
_cил.
320 _aБиблиогр. в конце докл.
461 0 _1001rc\1114210
_12001#$aВсесоюзная конференция по экстракции и экстрагированию$eТез. докл.$eВ 3 т.$vТ. 1
_95060750
_aВсесоюзная конф. по экстракции и экстрагированию (1982 ; Рига)
_cРига
_d1982-
_nЗинатне
_oТез. докл. : В 3 т.
_tВсесоюзная конференция по экстракции и экстрагированию
_vТ. 1
801 0 _aRU
_bNLR
_gpsbo
801 1 _aRU
_bELAR
_2rusmarc
852 _aNLR
_j83-3/3859
942 _cBOOK
980 _aNB